Vzťah medzi radom čísel súvahy a výsledovky metodologická štúdia

Guardado en:
Detalles Bibliográficos
Autor principal: Králiček, Vladimír
Formato: Libro
Lenguaje:eslovaco
Publicado: Bratislava Slovenská vysoká škola obchodná [1950]
Materias:
Etiquetas: Agregar Etiqueta
Sin Etiquetas, Sea el primero en etiquetar este registro!

MARC

LEADER 00000nam$a2200000$$$4500
001 0042681
005 20240109102053.8
041 0 |a slo 
044 |a SK 
245 1 0 |a Vzťah medzi radom čísel súvahy a výsledovky  |b metodologická štúdia  |c Vladimír Králiček 
264 1 |a Bratislava  |b Slovenská vysoká škola obchodná  |c [1950] 
300 |a 21 s. 
500 |a Odlačok zo Sborníka SVŠHV (SVŠO), roč. I. 
610 2 0 |a účtovníctvo 
610 2 0 |a súvaha 
610 2 0 |a výsledovka 
100 1 |a Králiček, Vladimír